ADR principles and practice / (Record no. 750)
[ view plain ]
| 000 -LEADER | |
|---|---|
| fixed length control field | 00866cam a2200253 i 4500 |
| 001 - CONTROL NUMBER | |
| control field | 17208031 |
| 005 - DATE AND TIME OF LATEST TRANSACTION | |
| control field | 20241106183635.0 |
| 008 - FIXED-LENGTH DATA ELEMENTS--GENERAL INFORMATION | |
| fixed length control field | 120313s2011 enk b 001 0 eng |
| 020 ## - INTERNATIONAL STANDARD BOOK NUMBER | |
| International Standard Book Number | 9780414044784 (hardback) |
| 020 ## - INTERNATIONAL STANDARD BOOK NUMBER | |
| International Standard Book Number | 0414044789 (hardback) |
| 020 ## - INTERNATIONAL STANDARD BOOK NUMBER | |
| International Standard Book Number | 9780414044791 (paperback) |
| 050 00 - LIBRARY OF CONGRESS CALL NUMBER | |
| Classification number | KD7644 |
| Item number | .B76 2011 |
| 100 1# - MAIN ENTRY--PERSONAL NAME | |
| Personal name | Brown, Henry J. |
| 245 10 - TITLE STATEMENT | |
| Title | ADR principles and practice / |
| Statement of responsibility, etc. | Henry J. Brown, solicitor, England and Wales; Arthur Marriott, Q.C., 12 Gray's Inn Square, Gray's Inn, London. |
| 250 ## - EDITION STATEMENT | |
| Edition statement | Third edition. |
| 260 ## - PUBLICATION, DISTRIBUTION, ETC. | |
| Place of publication, distribution, etc. | London : |
| Name of publisher, distributor, etc. | Sweet & Maxwell, |
| Date of publication, distribution, etc. | 2011. |
| 300 ## - PHYSICAL DESCRIPTION | |
| Extent | xl, 868 pages ; |
| Dimensions | 24 cm |
| 650 #0 - SUBJECT ADDED ENTRY--TOPICAL TERM | |
| Topical term or geographic name entry element | Dispute resolution (Law) |
| Geographic subdivision | Great Britain. |
| 650 #0 - SUBJECT ADDED ENTRY--TOPICAL TERM | |
| Topical term or geographic name entry element | Mediation |
| Geographic subdivision | Great Britain. |
| 650 #0 - SUBJECT ADDED ENTRY--TOPICAL TERM | |
| Topical term or geographic name entry element | Dispute resolution (Law) |
| 650 #0 - SUBJECT ADDED ENTRY--TOPICAL TERM | |
| Topical term or geographic name entry element | Mediation. |
| 700 1# - ADDED ENTRY--PERSONAL NAME | |
| Personal name | Marriott, Arthur L., |
| Dates associated with a name | 1943- |
| 942 ## - ADDED ENTRY ELEMENTS (KOHA) | |
| Source of classification or shelving scheme | Library of Congress Classification |
| Koha item type | Books |
| Edition | 3rd Ed. |
| Suppress in OPAC | No |
| 999 ## - | |
| -- | 750 |
| -- | 750 |
| Withdrawn status | Lost status | Source of classification or shelving scheme | Damaged status | Not for loan | Collection | Home library | Current library | Shelving location | Date acquired | Total checkouts | Full call number | Barcode | Date last seen | Copy number | Price effective from | Koha item type |
|---|---|---|---|---|---|---|---|---|---|---|---|---|---|---|---|---|
| Library of Congress Classification | Non-fiction | Law Library (Christ Temple) | Law Library (Christ Temple) | General stacks | 02/18/2025 | KD7644.B76 BRO | LLCT00000444 | 02/18/2025 | 4 | 02/18/2025 | Books | |||||
| Library of Congress Classification | Non-fiction | Law Library (Christ Temple) | Law Library (Christ Temple) | General stacks | 02/18/2025 | KD7644.B76 BRO | LLCT00000445 | 02/18/2025 | 5 | 02/18/2025 | Books | |||||
| Library of Congress Classification | Non-fiction | Law Library (Miotso) | Law Library (Miotso) | General stacks | 11/06/2024 | KD7644.B76 BRO | llm00000609 | 11/06/2024 | 1 | 11/06/2024 | Books | |||||
| Library of Congress Classification | Non-fiction | Law Library (Miotso) | Law Library (Miotso) | General stacks | 11/06/2024 | KD7644.B76 BRO | llm00000610 | 11/06/2024 | 2 | 11/06/2024 | Books | |||||
| Library of Congress Classification | Non-fiction | Law Library (Miotso) | Law Library (Miotso) | General stacks | 11/06/2024 | KD7644.B76 BRO | llm00000611 | 11/06/2024 | 3 | 11/06/2024 | Books |